Slovenská akadémia vied informačná príručka

Podrobná bibliografia
Korporatívny autor: Slovenská akadémia vied. Ústav materiálového výskumu (Autor)
Ďalší autori: Macková, Mária (Zostavovateľ, kompilátor), Janíková, Jana (typografka) (gup)
Médium: Kniha
Jazyk:slovenčina
Fyzický popis:243 s. 18 cm
Vydavateľské údaje: [Bratislava Veda 2001]
ISBN:8022406821
Predmet:

MARC

LEADER 00000nam a2200000 a 4500
001 vtls001428542
003 SK-MaSNL
005 20260301202642.0
008 160415s2001 xo r 0 slo
015 |a SNBE2002/02-00665 
020 |a 8022406821 
035 |a SNK000383540 
040 |a SNK  |b slo  |c SNK  |e AACR2 
041 0 |a slo 
044 |a xo  |c SK 
080 |a 061.12(437.6)(SAV)(083.9)  |2 1981 
110 0 |a Slovenská akadémia vied.  |b Ústav materiálového výskumu  |4 aut  |9 189595 
245 1 |a Slovenská akadémia vied  |b informačná príručka  |c zostavila Mária Macková ; grafická úprava Jana Janíková 
260 |a [Bratislava  |b Veda  |c 2001] 
300 |a 243 s.  |c 18 cm 
500 |a Vyd. Predsedníctvo Slovenskej akadémie vied 
500 |a 250 výt. 
610 2 7 |a Slovenská akadémia vied  |2 SNK  |9 125200 
655 7 |a informačné publikácie  |2 SNK  |9 70181 
700 1 |a Macková, Mária  |4 com  |9 8406 
700 1 |a Janíková, Jana  |c (typografka)  |4 gup  |9 252591 
919 |a 80-224-0682-1 
958 |a TL 
999 |c 899677  |d 901607 
952 |t P60, <03>, [BOOK], {603}  |a SNK  |b SNK  |y PREZ  |7 0  |p 17A0331720  |o snkSD 72008  |i snkKSP 1792/2002  |0 0  |1 0  |4 0  |d 2002-02-12  |l 0  |r 2005-01-02 00:00:00  |w 2026-02-24 
952 |t P60, <04>, [BOOK], {604}  |a SNK  |b SNK  |y VYP  |7 0  |p 17A0331721  |o snkSD 72008 D1  |i snkKSP 1793/2002  |0 0  |1 0  |4 0  |d 2002-02-12  |l 0  |r 2005-01-02 00:00:00  |w 2026-02-24